|
|
|
|
| LEADER |
01228nam a22003372a 4500 |
| 001 |
001320525 |
| 003 |
CZ BrMZK |
| 005 |
20130826084938.0 |
| 007 |
ta |
| 008 |
130826s1968 xr er|||||||||||cze d |
| 040 |
|
|
|a ABB045
|b cze
|d BOA001
|
| 041 |
0 |
|
|a cze
|b rus
|b fre
|b eng
|g slo
|
| 080 |
|
|
|a 782
|2 MRF
|
| 080 |
|
|
|a 792.01/.09
|2 MRF
|
| 080 |
|
|
|a (048.83)
|2 MRF
|
| 100 |
1 |
|
|a Cikker, Ján,
|d 1911-1989
|7 jn19990210145
|4 aut
|
| 245 |
1 |
0 |
|a Ján Cikker: Vzkříšení :
|b rozbor inscenace Národního divadla v Praze /
|c Ján Cikker, Karel Jernek, Zbyněk Kolář
|
| 260 |
|
|
|a Praha :
|b Divadelní ústav,
|c 1968
|
| 300 |
|
|
|a 63 s.
|
| 546 |
|
|
|a Anglické, francouzské, ruské a španělské resumé
|
| 600 |
1 |
7 |
|a Cikker, Ján,
|d 1911-1989
|7 jn19990210145
|2 czenas
|
| 648 |
|
7 |
|a 1968
|7 ch460662
|2 czenas
|
| 650 |
0 |
7 |
|a opera
|7 ph123748
|2 czenas
|
| 650 |
0 |
7 |
|a divadelní věda
|7 ph162913
|2 czenas
|
| 655 |
|
7 |
|a analýzy
|7 fd187835
|2 czenas
|
| 700 |
1 |
|
|a Jernek, Karel,
|d 1910-1992
|7 jk01051506
|4 aut
|
| 700 |
1 |
|
|a Kolář, Zbyněk,
|d 1926-2013
|7 jn20000710255
|4 aut
|
| 910 |
|
|
|a BOA001
|b 2-0603.074
|
| 990 |
|
|
|a BK
|
| 991 |
|
|
|b 201308
|
| 996 |
7 |
|
|b 2619610260
|c 2-0603.074
|l Sklad H1
|r Sklad / do 24 hodin
|n 2
|h HS212
|w 001355530
|u 000010
|a 1
|e BOA001
|j MZK50
|s A
|